000 00292nam a22001337a 4500
008 170315b xxu||||| |||| 00| 0 eng d
020 _a471572292
041 _aeng
080 _a591
100 _a7
101 _aSHM
245 _aMECHANISMS OF ANIMAL BEHAVIOUR
_cMARLER, P
942 _2udc
_cBK
999 _c7814
_d7814